00415 2200169 4500001002100000005001500021008004100036035001900077041000700096082001000103090001600113100001400129245004500143260002500188300001800213650001400231INLIS00000000001336020241224114536241224||||||||| | ||| |||| || |  0010-1224013360 aid0 a639.9 a639.9 ANI b0 aAnisa Ami00aBersahabat Dengan Makhluk Air:Hewan Laut aBandungbPutra Setia a74hlm;15x21cm 0aPerikanan